Oviposition preference of pseudostem weevil, odoiporus longicollis (Olivier) in banana (Musa spp.) (Record no. 374453)

MARC details
000 -LEADER
fixed length control field 00730nam a22002417a 4500
082 ## - DEWEY DECIMAL CLASSIFICATION NUMBER
Classification number 632.6
Item number PRI/OV PG
100 ## - MAIN ENTRY--PERSONAL NAME
Personal name Priyanka, M
245 ## - TITLE STATEMENT
Title Oviposition preference of pseudostem weevil, odoiporus longicollis (Olivier) in banana (Musa spp.)
260 ## - PUBLICATION, DISTRIBUTION, ETC. (IMPRINT)
Place of publication, distribution, etc Vellayani
Name of publisher, distributor, etc Department of Entomology, College of Agriculture
Date of publication, distribution, etc 2025
300 ## - PHYSICAL DESCRIPTION
Extent v,83p.
502 ## - DISSERTATION NOTE
Dissertation note MSc
650 ## - SUBJECT ADDED ENTRY--TOPICAL TERM
Topical term or geographic name as entry element Entomology
650 ## - SUBJECT ADDED ENTRY--TOPICAL TERM
Topical term or geographic name as entry element Oviposition preference
650 ## - SUBJECT ADDED ENTRY--TOPICAL TERM
Topical term or geographic name as entry element Pseudostem weevil
650 ## - SUBJECT ADDED ENTRY--TOPICAL TERM
Topical term or geographic name as entry element Odoiporus longicollis
650 ## - SUBJECT ADDED ENTRY--TOPICAL TERM
Topical term or geographic name as entry element Banana
650 ## - SUBJECT ADDED ENTRY--TOPICAL TERM
Topical term or geographic name as entry element Olivier
650 ## - SUBJECT ADDED ENTRY--TOPICAL TERM
Topical term or geographic name as entry element Musa spp.
700 ## - ADDED ENTRY--PERSONAL NAME
Personal name Nithya, P R (Guide)
856 ## - ELECTRONIC LOCATION AND ACCESS
Uniform Resource Identifier https://krishikosh.egranth.ac.in/handle/1/5810235228
942 ## - ADDED ENTRY ELEMENTS (KOHA)
Source of classification or shelving scheme Dewey Decimal Classification
Item type Theses
Holdings
Not for loan Collection code Home library Current library Shelving location Date acquired Full call number Barcode Date last seen Koha item type
Not For Loan Thesis KAU Central Library, Thrissur KAU Central Library, Thrissur Technical Processing Division 26/02/2026 632.6 PRI/OV PG 176686 27/02/2026 Theses
Kerala Agricultural University Central Library
Thrissur-(Dt.), Kerala Pin:- 680656, India
Ph : (+91)(487) 2372219
E-mail: librarian@kau.in
Website: http://library.kau.in/